Maya running / (Record no. 26389)

MARC details
000 -LEADER
fixed length control field 00930nam a22002417a 4500
005 - DATE AND TIME OF LATEST TRANSACTION
control field 20080814104839.0
008 - FIXED-LENGTH DATA ELEMENTS--GENERAL INFORMATION
fixed length control field 080814t xxu||||| |||| 00| 1 eng d
010 ## - LCCN (DPL NO)
LC control number B-295973
020 ## - INTERNATIONAL STANDARD BOOK NUMBER
International Standard Book Number 0143334921
Terms of availability 250.00
020 ## - INTERNATIONAL STANDARD BOOK NUMBER
International Standard Book Number 97801433334927
Terms of availability 250.00
035 ## - SYSTEM CONTROL NUMBER
System control number B-295973
037 ## - SOURCE OF ACQUISITION
Source of stock number/acquisition UBH (Vender)
040 ## - CATALOGING SOURCE
Original cataloging agency DPL
Language of cataloging ENG
082 ## - DEWEY DECIMAL CLASSIFICATION NUMBER
Classification number N
100 ## - MAIN ENTRY--PERSONAL NAME
Personal name Banerjee, Anjali
245 ## - TITLE STATEMENT
Title Maya running /
Statement of responsibility, etc by Anjali Banerjee
260 ## - PUBLICATION, DISTRIBUTION, ETC. (IMPRINT)
Place of publication, distribution, etc New Delhi
Name of publisher, distributor, etc Puffin Books
Date of publication, distribution, etc 2005
270 ## - ADDRESS
Address 11 Community Centre, Panchsheel Park
City New Delhi
Postal code 110017
300 ## - PHYSICAL DESCRIPTION
Extent 192p.
Dimensions 20cm. (pbk)
942 ## - ADDED ENTRY ELEMENTS (KOHA)
Source of classification or shelving scheme Dewey Decimal Classification
Item type English Books
Classification part N
Call number suffix BAN
Holdings
Withdrawn status Lost status Source of classification or shelving scheme Damaged status Not for loan Collection code Home library Current library Date acquired Source of acquisition Cost, normal purchase price Total Checkouts Total Renewals Full call number Barcode Date last seen Copy number Cost, replacement price Koha item type
    Dewey Decimal Classification     Fiction Sarojini Nagar Sarojini Nagar 12/12/2018     4 2 N BAN B-215640 20/06/2022     English Books
    Dewey Decimal Classification     Fiction Vinoba Puri Vinoba Puri 14/05/2009 UBH/185/24.9.08/187/21.7.08/30.9.08 250.00 25 3 N BAN B-295973 24/07/2017 1 250.00 English Books

© Delhi Public Library
Hit Counter
free hit counter